000 01303cam a22003374a 4500
005 20131029050336.0
008 040210s2004 cau b 001 0 eng
020 _a1851095942
020 _a1851095993
041 0 _aeng
080 _a327
100 1 _aWatson, Cynthia Ann.
245 1 0 _aNation-building :
_cCynthia A. Watson.
260 _aSanta Barbara, Calif. :
_bABC-CLIO,
_cc2004.
300 _axv, 333 p. ;
_c24 cm.
440 0 _aContemporary world issues
500 _aForeword : f. XII-XV
504 _aIncludes bibliographical references and index.
650 0 _aE drejta ndërkombëtare
650 0 _aZhvillimi ekonomik
650 0 _aForcat paqeruajtëse
650 0 _aMarrëdhënie ndërkombëtare
650 0 _aNdërtimi i shtetit
651 0 _aUnited States
_xMarrëdhënie ndërkombëtare
_y1989-
651 0 _aUnited States
_xMarrëdhënie ndërkombëtare
_y1945-1989.
651 0 _aUnited States
_xMarrëdhënie ndërkombëtare
_zVendet në zhvillim
651 0 _aDeveloping countries
_xMarrëdhënie ndërkombëtare
_zShtetet e bashkuara
856 4 2 _3Publisher description
_uhttp://www.loc.gov/catdir/description/abc051/2004003048.html
856 4 1 _3Table of contents
_uhttp://www.loc.gov/catdir/toc/ecip0414/2004003048.html
942 _2udc
_cBK
999 _c185
_d185